[Event "Warsaw Szansa rapid op"]
[Site "Warsaw"]
[Date "2023.09.17"]
[Round "1"]
[White "Zochowski, Kacper"]
[Black "Bratoszewski, Bartlomiej"]
[Result "1-0"]
[WhiteElo "2256"]
[BlackElo "1417"]
[PlyCount "147"]
[EventDate "2023.09.17"]
[EventType "swiss (rapid)"]
[EventRounds "9"]
[EventCountry "POL"]
[SourceTitle "EXT 2024"]
[Source "ChessBase"]
[SourceDate "2023.10.10"]
[SourceVersion "1"]
[SourceVersionDate "2023.10.10"]
[SourceQuality "1"]

1. Nf3 c6 2. g3 d5 3. Bg2 Nf6 4. d3 e6 5. 0-0 Be7 6. Nbd2 a6 7. e4 b5 8. Qe2 Bb7 9. Rd1 0-0 10. Nf1 c5 11. e5 Nfd7 12. h4 Nc6 13. h5 Rc8 14. h6 g6 15. N1h2 Qc7 16. Ng4 Nd4 17. Nxd4 cxd4 18. Rd2 Bb4 19. Qf3 f5 20. exf6 Bxd2 21. Bxd2 Ne5 22. Qe2 Nxg4 23. Qxg4 Rxf6 24. Bg5 Rf5 25. Rc1 Rcf8 26. f4 Bc8 27. Qe2 Qd6 28. Re1 Re8 29. g4 Rff8 30. a3 Bd7 31. Qf3 Bc6 32. Qg3 Bd7 33. Re2 Rc8 34. Qh4 Rf7 35. Qg3 a5 36. Qe1 b4 37. axb4 axb4 38. Qa1 Rff8 39. Qa7 Ra8 40. Qxd4 Rf7 41. Kh2 Bc6 42. Kg3 Re8 43. Bf6 Rc8 44. Be5 Qe7 45. g5 Bd7 46. Bh3 Qc5 47. Qxc5 Rxc5 48. Bd6 Rb5 49. Bxe6 Bxe6 50. Rxe6 Rd7 51. Be5 Kf7 52. Rc6 Rbb7 53. Kg4 b3 54. c3 Re7 55. Rd6 Rbd7 56. Rf6+ Kg8 57. Rb6 Rb7 58. Rc6 Kf7 59. c4 dxc4 60. dxc4 Re6 61. Rc8 Re8 62. Rc5 Rd8 63. Rc6 Rd1 64. c5 Rc1 65. Rf6+ Ke7 66. c6 Rb6 67. c7 Rxf6 68. gxf6+ Ke6 69. Bc3 Rxc3 70. bxc3 Kd7 71. f7 b2 72. c8Q+ Kxc8 73. f8Q+ Kc7 74. Qb4 1-0